LEADER 02008oas 2200781 a 450 001 9910147027503321 005 20251114213013.0 011 $a1878-5948 035 $a(DE-599)ZDB2016274-1 035 $a(DE-599)2016274-1 035 $a(OCoLC)38492330 035 $a(CONSER) 2005233375 035 $a(CKB)954926246555 035 $a(EXLCZ)99954926246555 100 $a19980223b19931998 sy 101 0 $aeng 135 $aurmnu|||||||| 181 $ctxt$2rdacontent 182 $cc$2rdamedia 183 $acr$2rdacarrier 200 10$aAdvanced cement based materials 210 $a[New York] $cElsevier Science Pub. Co.$d1993-1998 300 $aRefereed/Peer-reviewed 300 $aTitle from contents screen (ScienceDirect, viewed October 17, 2005). 311 08$a1065-7355 517 1 $aACBM 531 1 $aAdv. cem. based mater. 606 $aCement$vPeriodicals 606 $aConcrete$vPeriodicals 606 $aCiment$xPe?riodiques 606 $aBe?ton$xPe?riodiques 606 $aCiment$vPe?riodiques 606 $aBe?ton$vPe?riodiques 606 $aCement$2fast$3(OCoLC)fst00850432 606 $aConcrete$2fast$3(OCoLC)fst00874126 608 $aPeriodicals.$2fast 608 $aPeriodicals.$2lcgft 615 0$aCement 615 0$aConcrete 615 6$aCiment$xPe?riodiques. 615 6$aBe?ton$xPe?riodiques. 615 6$aCiment 615 6$aBe?ton 615 7$aCement. 615 7$aConcrete. 712 02$aAmerican Concrete Institute 801 0$bOH1 801 1$bOH1 801 2$bOCL 801 2$bOCLCQ 801 2$bGUA 801 2$bU9S 801 2$bWAU 801 2$bOCLCQ 801 2$bOCLCF 801 2$bOCLCO 801 2$bVT2 801 2$bOCLCQ 801 2$bU3W 801 2$bBWN 801 2$bOCLCO 801 2$bOCLCQ 801 2$bOCLCL 801 2$bOCLCQ 906 $aJOURNAL 912 $a9910147027503321 996 $aAdvanced cement based materials$91897867 997 $aUNINA